000 00846nam a2200229Ia 4500
001 468
003 GE_BSU
008 181216s||||||||xx |||||||||||||| ||und||
020 _a9789941409820
040 _cGE_BSU
080 _a811.111
100 _aდვალიძე, ნინო
245 _aტექსტის ლინგვისტიკასთან დაკავშირებული პრობლემატიკა
245 _cბათუმი შოთა რუსთაველის სახელმწ. უნ-ტი
260 _aბათუმი
260 _bშოთა რუსთაველის სახელმწ. უნ-ტი
260 _c2009
300 _a119 გვ.
541 _h5 ლ.
653 _aტექსტის ლინგვისტიკა;
942 _cBK
999 _c34683
_d34683